Криміналістична характеристика та основні положення розслідування злочинів, вчинених на ринку цінних паперів (Запис № 459058)

МАРК-запис
000 -Лідер
fixed length control field 03491nam a22002657a 4500
001 - Контрольний номер
control field 216216977
003 - Ідентифікатор контрольного номера
control field UA-OsUOA
005 - Дата та час останнього входження (трансакції)
control field 20201117144351.0
008 - Елементи даних фіксованої довжини – загальна інформація
fixed length control field 200430b un ||||| m||| 00| 0 ukr d
040 ## - Джерело каталогізації
Агенція оригінальної каталогізації UA-OsUOA
Мова каталогізації ukr
Агенція, яка здійснювала перезапис UA-OsUOA
Агенція, яка здійснювала модифікацію UA-OsUOA
041 ## - Код мови
Код мови тексту/ звукової доріжки чи окремого заголовка (П) ukr
080 ## - Індекс Універсальної десяткової класифікації
Індекс Універсальної десяткової класифікації (УДК) (НП) 343.977
090 ## - Локальний шифр розміщення
Класифікаційний індекс УДК 343.977
095 ## - Код спеціальності для авторефератів
Код спеціальності 12.00.09
Назва спеціальності кримінальний процес та криміналістика; судова експертиза; оперативно-розшукова діяльність
100 ## - Основне введення – ім’я особи
Ім’я особи (НП) Лещук К. Б.
245 ## - Відомості про назву
Назва (НП) Криміналістична характеристика та основні положення розслідування злочинів, вчинених на ринку цінних паперів
Дані про відповідальність (НП) Лещук Костянтин Борисович ; наук. керівник Волобуєв Анатолій Федотович
260 ## - Публікація, розповсюдження і т.п. (Вихідні дані)
Місце публікації, розповсюдження і т.п. (П) Київ
Дата публікації, розповсюдження і т.п. (П) 2012
300 ## - Фізичний опис
Обсяг 19 с.
502 ## - Примітка про дисертацію
Зв'язок Автореферат дисертації на здобуття наукового ступеня кандидата юридичних наук<br/>
Наймення інституції, що представляється Академія адвокатури України
Рік отримання вченого ступеня 2012
520 ## - Резюме і т.п.
Резюме, реферат, анотація, тощо (НП) Дисертація є комплексним монографічним дослідженням криміналістичної характеристики злочинів, вчинених на ринку цінних паперів, а також основних положень їх розслідування. Зокрема, на основі узагальнення матеріалів кримінальних справ та аналізу наукових праць надається криміналістична класифікація злочинів, що вчиняються на ринку цінних паперів, визначаються особливості цінних паперів як предмету злочинних посягань і засобів вчинення злочинів, особливості нормативно-правового регулювання обігу цінних паперів в Україні, типові способи вчинення злочинів і характеристика особистості злочинців, а також вказується на типові сліди як джерела доказів. <br/>В дисертації визначені особливості порушення кримінальних справ про злочини, вчинені на ринку цінних паперів, типові слідчі ситуації початкового і наступного етапів розслідування, сформульовані рекомендації щодо відповідних завдань розслідування і засобів їх вирішення. Вказані особливості і сформульовані відповідні рекомендації щодо проведення окремих слідчих дій (огляду документів, допитів, виїмки та обшуку, призначення експертиз).
650 ## - Додаткове предметне введення – тематичний термін
Джерело заголовка чи терміна UDC
Тематичний термін чи географічна назва, як елемент введення (НП) 343 Кримінальне право. Карні порушення
942 ## - Додаткові елементи входу (Коха)
Source of classification or shelving scheme Universal Decimal Classification
Тип елемента Koha Автореферат
955 ## - Код типу видання за змістом
Код типу видання за змістом (НП) Наукові видання

Немає доступних примірників.